000
00237nam a22000857a 4500
008
160716b xxu||||| |||| 00| 0 eng d
100
_9
2940
_a
Aneja, P.L
245
_a
Deutsch Interssant - I
260
_a
New Ddelhi
_b
Indo Bonn Publication
_c
2001
999
_c
2505
_d
2505